00837nam a2200253 4500003000400000005001700004008004100021020001500062040001800077050002200095100002100117245005200138264003300190300003400223336002200257337002400279338002400303500011000327500005300437650004900490650001600539942001100555999001700566OSt20260601193841.0260421b1988 xxu |||| |||| 00| 0 eng d a0465067107 aICIbspacICI aTS171.4bN67 2002 1aDonald A. Norman 1aThe Design of everyday thingscDonald A. Norman bBasic Booksc1988a New York a257 páginasb ilustraciones atexto2rdacontent asin medio2rdamedia avolumen2rdacarrier a Publicado de la reimpresión original: The psychology of everyday things. New York : Basic Books, c1988 aWith a new introduction by the author"--Cubierta aDiseño industrialxAspectos psicológicos aErgonomía 2ddccB c21442d21442